Taylor Swift - Devine la chanson sans indices #91 - Statistiques

Statistiques générales
  • Ce quiz a été pris 154 fois
  • Le résultat moyen est 198 sur 346
Statistiques - réponses
Réponse % Correct
I
99%
a
98%
you
97%
You
97%
Mm,
96%
mm
96%
Oh,
95%
oh,
95%
oh
95%
me
89%
the
89%
We
88%
your
88%
an
86%
my
83%
in
82%
love
82%
be
80%
And
79%
to
79%
You're
77%
is
76%
it
75%
It
75%
of
74%
I'm
73%
was
73%
When
72%
for
71%
like
70%
Like
70%
that
69%
This
68%
this
68%
they
67%
hear
66%
know
64%
men
64%
But
62%
by
60%
could
60%
if
60%
one
60%
With
58%
all
56%
I'll
56%
never
56%
Never
56%
did
55%
Just
55%
had
54%
have
54%
cowboy
52%
I've
52%
gonna
50%
up
50%
from
48%
got
48%
some
48%
Now
47%
said,
46%
I'd
45%
again
42%
thing
41%
thought
39%
wanted
39%
those
38%
Only
37%
car
36%
down
36%
wanna
36%
here
35%
Takes
35%
things
34%
Forever
31%
our
31%
sleeve
31%
way
31%
asked
30%
about
29%
life
29%
fancy
28%
good
28%
waiting
28%
meet
27%
pay
27%
Babylon
26%
dark
26%
Eyes
26%
game"
26%
Gardens
26%
hang
26%
lips
26%
their
26%
tricks
26%
dance
25%
"Dancing
25%
dangerous
25%
bar
24%
before
24%
court
24%
tennis
24%
anything
23%
bandit
23%
covered
22%
Really
22%
sweetest
22%
Telling
22%
believe
21%
fuck
21%
rich
21%
bed
20%
con
20%
folks
20%
both
19%
closets
19%
old
19%
phone
19%
hard
18%
tent
18%
beneath
17%
boots
17%
full
17%
locked
17%
sitting
17%
skeletons
17%
stories
17%
town
17%
airport
16%
stars
16%
forward
15%
through
15%
Perched
14%
passed
11%
Plotted
11%
swindled
9%
Hustling
7%
ladies
7%
lunching
5%
Aucun quiz correspondant
Distribution des résultats
% des personnes avec chaque résultat
Percentile par nombre de réponses
Votre historique - résultats
Vous n’avez pas pris ce quiz